000 00793pam a2200277 a 4500
999 _c2782
_d2782
001 4295492
003 GZU
005 20201106091710.0
008 860123s1986 mnu b s001 0 eng
010 _a 86001383
020 _a0816615225
020 _a0816615233 (pbk.)
040 _aDLC
_cDLC
_dDLC
050 0 0 _aJA83
_b.M35 1986
082 0 0 _a320.5
_219
100 1 _aMcLellan, David.
245 1 0 _aIdeology /
_cDavid McLellan.
260 _aMinneapolis, MN :
_bUniversity of Minnesota Press,
_cc1986.
300 _a99 p. ;
_c22 cm.
440 0 _aConcepts in social thought
500 _aIncludes index.
504 _aBibliography: p. [91]-96.
650 0 _aIdeology
_xHistory.
906 _a7
_bcbc
_corignew
_d1
_eocip
_f19
_gy-gencatlg
942 _2lcc
_cBK
_e2nd ed.
_h83
_iMCL
_kJA
_m1986